| 000 | 00585nam a22002177a 4500 | ||
|---|---|---|---|
| 999 |
_c1155 _d1155 |
||
| 003 | OSt | ||
| 005 | 20220207124506.0 | ||
| 008 | 150304b xxu||||| |||| 00| 0 eng d | ||
| 020 | _a0443100365 | ||
| 040 | _cDNLM | ||
| 082 | _aWL 101 C87n 2005 | ||
| 100 |
_aCrossman, A. R.; Neary D. _93159 |
||
| 245 |
_aNeuroanatomy: _cAn illustrated colour text |
||
| 250 | _a3rd ed. | ||
| 260 |
_aLondon: _bChurchill Livingstone; _c2005. |
||
| 300 |
_aix,186 p: _bcol.ill; _c29 cm. |
||
| 504 | _aIncludes Index | ||
| 650 |
_aNeuro anatomy _93160 |
||
| 700 |
_aNeary D. _93161 |
||
| 942 |
_2z _cSLOAN |
||